Teaching on Buddhism/ (Record no. 202395)

MARC details
000 -LEADER
fixed length control field 00551nam a22001937a 4500
005 - DATE AND TIME OF LATEST TRANSACTION
control field 20240430104542.0
010 ## - LCCN (DPL NO)
LC control number ENG-140235
020 ## - INTERNATIONAL STANDARD BOOK NUMBER
Terms of availability 750.00
International Standard Book Number 9789382636366
035 ## - SYSTEM CONTROL NUMBER
System control number EN-123767
037 ## - SOURCE OF ACQUISITION
Source of stock number/acquisition DBAD
082 ## - DEWEY DECIMAL CLASSIFICATION NUMBER
Classification number 250
100 ## - MAIN ENTRY--PERSONAL NAME
Personal name Pradeep Singh
245 ## - TITLE STATEMENT
Title Teaching on Buddhism/
Statement of responsibility, etc By Pradeep singh
260 ## - PUBLICATION, DISTRIBUTION, ETC. (IMPRINT)
Place of publication, distribution, etc Allahabad
Name of publisher, distributor, etc Chandra Publication
Date of publication, distribution, etc 2017
270 ## - ADDRESS
Address 5-C/10 Khsuro Bagh Road
City Allahabad
Postal code 211001
300 ## - PHYSICAL DESCRIPTION
Extent 240p.
Dimensions 21cm(pb)
500 ## - GENERAL NOTE
General note FOR TEACHING ON BUDDHISM
942 ## - ADDED ENTRY ELEMENTS (KOHA)
Source of classification or shelving scheme Dewey Decimal Classification
Item type English Books
Call number suffix PAR
Classification part 250
Holdings
Withdrawn status Lost status Not for loan Collection code Home library Current library Date acquired Source of acquisition Cost, normal purchase price Full call number Barcode Copy number Cost, replacement price Koha item type
      Non-fiction Ashok Vihar Ashok Vihar 29/04/2024 DBAD 750.00 PAR 250 EN-123767 1 750.00 English Books

© Delhi Public Library
Hit Counter
free hit counter